| 000 | 01431cab a2200265 4500 | ||
|---|---|---|---|
| 001 | ABS46447 | ||
| 008 | 090401t1992 xxu||||| |||| 00| 0 eng d | ||
| 035 | _a(Sirsi) u58285 | ||
| 041 | _aeng | ||
| 245 | _aEagle Star Insurance Co Ltd v SoS Environment and Bournmouth BC | ||
| 260 | _c1992 | ||
| 350 | _a0 | ||
| 490 |
_aJournal of Planning and Environment Law _v(1992) JPL 434-442(9) |
||
| 520 | _aQBD 29 May 1991. The council`s refusal to grant planning permission was challenged, but upheld by an inspector at public inquiry on the basis of traffic objections. During this appeal E had offered to fund any necessary road improvements and agreed to the placing of a `Grampian` condition. This was, however, rejected by B as the highway authority would be unwilling to gain the land for roads by compulsory purchase. As the SoS had initially agreed to the building, E brought an action in the high court under the Town and Country Planning Act 1990 s288, where its case was dismissed, the imposition of such a condition being considered self-defeating. | ||
| 650 | _aGRAMPIAN CONDITIONS | ||
| 650 | _aGRAMPIAN RC V CITY OF ABERDEEN DC | ||
| 650 | _aHAMPSHIRE SHOPPING CENTRE | ||
| 650 | _aPLANNING PERMISSION | ||
| 650 | _aREFUSAL | ||
| 650 | _aSHOPPING CENTRE EXTENSION | ||
| 650 | _aTOWN AND COUNTRY PLANNING ACT 1990 S288 | ||
| 690 | _aPLANNING LAW AND PRACTICE-CASE LAW | ||
| 942 | _n0 | ||
| 948 | _c04/03/1997 | ||
| 999 |
_c35566 _d35566 |
||